| 000 | 00000nam 2200000zi 4500 |
| 001 | 9.896913 |
| 003 | CaOODSP |
| 005 | 20240419104228 |
| 006 | m o d f |
| 007 | cr |n||||||||| |
| 008 | 210225s1965 onc ob f000 0|eng d |
| 040 | |aCaOODSP|beng|erda|cCaOODSP |
| 043 | |an-cn---|an-us--- |
| 086 | 1 |aC62-10/1965E-PDF |
| 245 | 00|aReport on the Canadian Technical Wood Products Mission to the Western United States, October 3-15, 1965. |
| 264 | 1|aOttawa : |bDepartment of Industry, |c[1965] |
| 300 | |a1 online resource (49 pages) |
| 336 | |atext|btxt|2rdacontent |
| 337 | |acomputer|bc|2rdamedia |
| 338 | |aonline resource|bcr|2rdacarrier |
| 500 | |aDigitized edition from print [produced by Innovation, Science and Economic Development Canada]. |
| 500 | |aIssued also in French under title: Rapport sur la mission canadienne technique des produits en bois dans l'Ouest des États-Unis, 3 au 15 octobre 1965 |
| 504 | |aIncludes bibliographical references (pages 47-49). |
| 650 | 0|aForest products industry|zCanada. |
| 650 | 0|aForest products industry|zUnited States. |
| 710 | 1 |aCanada. |bDepartment of Industry, |eissuing body. |
| 775 | 08|tRapport sur la mission canadienne technique des produits en bois dans l'Ouest des États-Unis, 3 au 15 octobre 1965.|w(CaOODSP)9.937152 |
| 856 | 40|qPDF|s924 KB|uhttps://publications.gc.ca/collections/collection_2024/isde-ised/C62-10-1965-eng.pdf |